| Tag |
First Indicator |
Second Indicator |
Subfields |
| LEADER |
00000cam a22000001a 4500 |
| 001 |
in00003622073 |
| 006 |
m o d f |
| 007 |
cr bn mmmapmmp |
| 008 |
141128s1908 dcu o f000 0 eng d |
| 005 |
20260611131854.2 |
| 035 |
|
|
|a ebd1909213136
|
| 040 |
|
|
|a UMI
|c UMI
|d UtOrBLW
|
| 086 |
0 |
|
|a W 73.10/1:464
|
| 099 |
|
|
|a W7310-1.464
|
| 110 |
2 |
|
|a Isthmian Canal Commission (U.S.)
|0 http://id.loc.gov/authorities/names/n82005047
|
| 245 |
1 |
0 |
|a Invitation for proposals to furnish hose, trolleys and bridge drives, marine boilers, wire screening, steel, anchors, handcarts, leather belting, tackle and snatch blocks, canteens, buckets, demijohns, saw blades, calipers, chisels, rasps, rope clips, hose clamps, furniture, mosquito bars, door mats, paints, varnish, shellac, white zinc, red lead, white lead, japan drier, turpentine; linseed, dynamo, lard, and castor oils; tallow, acids, gasoline, alcohol, ammonia, gold size, putty, boiler compound, cutting compound, harness dressing, lubricating grease, rosin, lye, roofing cement, candles, emery cloth, black enamel and cotton duck, et cetera.
|
| 264 |
|
1 |
|a [Washington] :
|b [publisher not identified],
|c 1908.
|
| 300 |
|
|
|a 1 online resource (40 pages)
|
| 336 |
|
|
|a text
|b txt
|2 rdacontent
|
| 337 |
|
|
|a computer
|b c
|2 rdamedia
|
| 338 |
|
|
|a online resource
|b cr
|2 rdacarrier
|
| 500 |
|
|
|a Circulars include listings of requested supplies, address and deadline for receiving manufacturers proposals, locations from which blanks and general information may be obtained, and detailed specifications for supplies.
|
| 533 |
|
|
|a Electronic reproduction.
|b [Bethesda, Md.] :
|c ProQuest,
|d 2014.
|e digital, PDF file.
|n ProQuest U.S. Executive Branch Documents
|n Mode of access: World Wide Web via ProQuest website.
|
| 588 |
|
|
|a Record is based on online resource; title from PDF title page (ProQuest, last viewed Nov. 2014). Reuse except for individual research requires license from ProQuest, LLC.
|
| 500 |
|
|
|a Electronic resource.
|
| 650 |
|
0 |
|a Automobiles
|x Motors.
|0 http://id.loc.gov/authorities/subjects/sh85010300
|
| 650 |
|
0 |
|a Cement.
|0 http://id.loc.gov/authorities/subjects/sh85021731
|
| 650 |
|
0 |
|a Concrete.
|0 http://id.loc.gov/authorities/subjects/sh85030647
|
| 650 |
|
0 |
|a Furniture making.
|0 http://id.loc.gov/authorities/subjects/sh85052569
|
| 650 |
|
0 |
|a Tools.
|0 http://id.loc.gov/authorities/subjects/sh85136049
|
| 655 |
|
7 |
|a Electronic books.
|2 local
|
| 856 |
4 |
0 |
|u http://proxy.library.tamu.edu/login?url=https://congressional.proquest.com/congressional/docview/t66.d71.w7310-1.464
|z Connect to the full text of this electronic document
|t 0
|
| 999 |
f |
f |
|s c2c5e926-5138-3319-bdd7-11e7deb26422
|i d63ce37e-6957-3366-a7b5-b0964502dae9
|t 0
|
| 952 |
f |
f |
|a Texas A&M University
|b College Station
|c Electronic Resources
|s www_evans
|d Available Online
|t 0
|h No information provided
|
| 998 |
f |
f |
|t 0
|l Available Online
|